| 000 | 00788nam a2200217 a 4500 | ||
|---|---|---|---|
| 005 | 20240925064925.0 | ||
| 008 | 991125s1999 mx 000 0 spa u | ||
| 020 | _a9682319927 | ||
| 035 | _aUPN01000049623 | ||
| 049 | _aCG | ||
| 050 | 4 |
_aBF701 _bP8.8 1999 |
|
| 245 | 0 | 0 |
_aPsicología genética y aprendizajes escolares : _brecopilación de textos sobre las aplicaciones pedagógicas de las teorías de Piaget / _ccomp. César Coll ; tr. Reyes de Villalonga. |
| 250 | _a8a ed. | ||
| 260 |
_aMéxico : _bSiglo XXI, _c1999. |
||
| 300 |
_a224 p. : _bil. |
||
| 600 | 1 | 0 |
_aPiaget, Jean, _d1896-1980 _xCrítica e interpretación _913966 |
| 650 | 4 |
_aPsicología genética _94967 |
|
| 650 | 4 |
_aPsicología del aprendizaje _95221 |
|
| 700 | 1 |
_aColl, César, _d1950- _ecomp. _930885 |
|
| 905 | _aLibro | ||
| 999 |
_c49623 _d49623 |
||